Translate These Latin Expressions - Statistics

General Stats
  • This quiz has been taken 9 times
  • The average score is 5 of 15
Answer Stats
Hint Answer % Correct
Carpe Diem Seize The Day
78%
Circa Approximately / Around
67%
De Facto In Fact
67%
Ergo Therefore
67%
Terra Incognita Unknown Land
67%
Mea Culpa My Fault
56%
Vox Populi Voice of the People
56%
Alter Ego Other I
33%
Et Cetera And The Rest / And The Others
22%
Per Se By Itself
11%
Ipso Facto By That Very Fact
11%
Status Quo Current State of Things / Existing State of Affairs
0%
Pro Bono For The Good of the People
0%
Ad Hoc For This / For a Specific Purpose
0%
In Flagrante Delicto In The Act of Committing a Crime/Wrongdoing
0%
No matching quizzes found
Score Distribution
Percent of People with Each Score
Percentile by Number Answered
Your Score History
You have not taken this quiz